Alouette, gentille alouette - Paroles - Statistiques

Statistiques générales
  • Ce quiz a été pris 19 fois
  • Le résultat moyen est 353 sur 369
Statistiques - réponses
Paroles Alouette, gentille alouette % Correct
Alouette,
100%
alouette,
100%
Alouette!
100%
Et
100%
gentille
100%
Je
100%
je
100%
la
100%
le
100%
plumerai.
100%
plumerai
100%
te
100%
tête.
100%
tête!
100%
les
94%
dos.
88%
dos!
88%
pattes.
88%
pattes!
88%
ailes.
81%
ailes!
81%
bec.
81%
bec!
81%
yeux.
81%
yeux!
81%
cou.
75%
cou!
75%
queue.
56%
queue!
56%
Aucun quiz correspondant
Distribution des résultats
% des personnes avec chaque résultat
Percentile par nombre de réponses
Votre historique - résultats
Vous n’avez pas pris ce quiz